000 01125pam a2200313 a 4500
001 2088058
003 ARRUPE
005 20140203125911.0
008 951201s1996 enk b 000 0 eng
010 _a 95026619
020 _a0415121698
020 _a0415121701 (pbk.)
040 _aDLC
_cDLC
_dDLC
050 0 0 _aB2430.D484
_bD39 1996
245 0 0 _aDeconstruction and pragmatism /
_cSimon Critchley ... [et al.] ; edited by Chantal Mouffe.
260 _aLondon ;
_aNew York :
_bRoutledge,
_c1996.
300 _aix, 88 p. ;
_c24 cm.
504 _aIncludes bibliographical references.
600 1 0 _aDerrida, Jacques.
_97697
600 1 0 _aRorty, Richard.
_97698
650 0 _aDeconstruction.
_97699
650 0 _aPragmatism.
_97700
700 1 _aCritchley, Simon,
_d1960-
_97701
700 1 _aMouffe, Chantal.
_97702
856 4 2 _3Publisher description
_uhttp://www.loc.gov/catdir/enhancements/fy0649/95026619-d.html
906 _a7
_bcbc
_corignew
_d1
_eocip
_f19
_gy-gencatlg
942 _2lcc
_cMONOGRAPH
999 _c119878
_d119878